01240nam a2200301Ia 4500001001200000003000800012006001900020007001500039008004100054010001700095020002200112020002500134040002100159035002100180050002400201100002000225245010600245260010800351300003700459504006400496533015200560650001100712651002600723655002900749710001700778856012600795999001700921ebr10255952CaPaEBRm u cr cn|||||||||070821s2007 enka sb 001 0 eng d z 2008295962 z1860948243 (hbk.) z9781860948244 (hbk.) aCaPaEBRcCaPaEBR a(OCoLC)64676898314aQB503b.W659 2007eb1 aWoolfson, M. M.14aThe formation of the solar systemh[electronic resource] :btheories old and new /cMichael Woolfson. aLondon :bImperial College Press ;aHackensack, NJ :bDistributed by World Scientific Pub. Co.,cc2007. axxii, 318 p. :bill. (some col.) aIncludes bibliographical references (p. 305-311) and index. aElectronic reproduction.bPalo Alto, Calif. :cebrary,d2009.nAvailable via World Wide Web.nAccess may be limited to ebrary affiliated libraries. 0aStars. 0aSolar systemxOrigin. 7aElectronic books.2local2 aebrary, Inc.40uhttp://site.ebrary.com/lib/rucke/Doc?id=10255952zAn electronic book accessible through the World Wide Web; click to view c33306d33306